01013nam a2200193Ia 4500008004100000020001800041050002300059082001900082100003400101245006000135260007700195300002600272500012100298650008700419952009600506952010000602952010000702999001700802120721s9999 xx 000 0 und d a0-201-62545-8 aTR897.5 C645 c1993 a001.6425 C881d aCogollor Gómez, José Luis aDomine autodesk-animator / José Luis Cogollor Gómez aDelaware, E.U.A. : Addiwon-Wesley Iberoamericana : Madrid : Ra-Ma, c1993 a139 p. : il. ; 20 cm. aIncluye apendice A de ejercicios de pracricas Apendice B errores en animator Apendice C Software y Hardware e Indice a1. Autodesk animator (Programa para computadora) 2. Animación por computadoraÌ 00104070a15b15d2006-06-13l0o001.6425 C881Dp15 001449r2017-12-07t1w2012-06-28yLB 00104070a08b08d2008-12-17l0oTR897.5 C645 C1993p08 001495r2012-07-20t1w2012-07-20yLB 00104070a08b08d2009-02-26l0oTR897.5 C645 C1993p08 001496r2012-07-20t2w2012-07-20yLB c81303d81303